书目信息 |
| 题名: |
外国学者论亚细亚生产方式
|
|
| 作者: | 郝镇华 编 | |
| 分册: | 上册 | |
| 出版信息: | 北京 中国社会科学出版社 1981.12 |
|
| 页数: | 378页 | |
| 开本: | 20cm | |
| 丛书名: | ||
| 单 册: | ||
| 中图分类: | F02 | |
| 科图分类: | ||
| 主题词: | 前资本主义社会--生产方式 | |
| 电子资源: | ||
| ISBN: | ||
| 000 | 00611nam0 2200205 45 | |
| 001 | 0211151086 | |
| 005 | 20040421143624.9 | |
| 010 | @dCNY2.70 | |
| 091 | @a3190.021 | |
| 100 | @a20021115d1981 km y0chiy0120 ea | |
| 101 | 0 | @achi |
| 105 | @a z 000yy | |
| 200 | 1 | @a外国学者论亚细亚生产方式@h上册@AWai Guo Xue Zhe Lun Ya Xi Ya Sheng Chan Fang Shi@f郝镇华编@FHao Zhen Hua Bian |
| 210 | @a北京@c中国社会科学出版社@d1981.12 | |
| 215 | @a378页@d20cm | |
| 606 | 0 | @a前资本主义社会@x生产方式 |
| 690 | @aF02@v3 | |
| 701 | 0 | @a郝镇华@4编 |
| 801 | @aCN@bTSTC@c20030522 | |
| 905 | @dF02@e10:1@f1@b64409@b216121-122@f2 | |
| 外国学者论亚细亚生产方式.上册/郝镇华编.-北京:中国社会科学出版社,1981.12 |
| 378页;20cm |
| ISBN :CNY2.70 |
| ● |
| 相关链接 |
|
|
|
|
正题名:外国学者论亚细亚生产方式
索取号:F02/10:1
 
预约/预借
| 序号 | 登录号 | 条形码 | 馆藏地/架位号 | 状态 | 备注 |
| 1 | 0064409 | 001270902 | 密集书库/ [索取号:F02/10:1] | 在馆 | |
| 2 | 0064410 | 000194701 | 密集书库/ [索取号:F02/10:1] | 在馆 | |
| 3 | 0216120 | 000194738 | 密集书库/ [索取号:F02/10:1] | 在馆 | |
| 4 | 0216121 | 001270868 | 第一借阅区/ [索取号:F02/10:1] | 在馆 | |
| 5 | 0216122 | 001270859 | 密集书库/ [索取号:F02/10:1] | 在馆 | |
| 6 | 0230920 | 001788480 | 密集书库/ [索取号:F02/10:1] | 在馆 | |
| 7 | 0230921 | 001788523 | 密集书库/ [索取号:F02/10:1] | 在馆 | |
| 8 | 0230922 | 001788569 | 密集书库/ [索取号:F02/10:1] | 在馆 |